UBT Library

Willard & Spackman's occupational therapy. (Record no. 42568)

000 -LEADER
fixed length control field 00884cam a22002894a 4500
001 - CONTROL NUMBER
control field 12883688
005 - DATE AND TIME OF LATEST TRANSACTION
control field 20180215033104.0
008 - FIXED-LENGTH DATA ELEMENTS--GENERAL INFORMATION
fixed length control field 020805s2003 pauaf b 001 0 eng
010 ## - LIBRARY OF CONGRESS CONTROL NUMBER
LC control number 2002031288
020 ## - INTERNATIONAL STANDARD BOOK NUMBER
International Standard Book Number 0781727987
035 ## - SYSTEM CONTROL NUMBER
System control number (DNLM)101151634
040 ## - CATALOGING SOURCE
Original cataloging agency DNLM/DLC
Transcribing agency DLC
Modifying agency DLC
041 ## - LANGUAGE CODE
Language code of text/sound track or separate title eng
042 ## - AUTHENTICATION CODE
Authentication code pcc
060 10 - NATIONAL LIBRARY OF MEDICINE CALL NUMBER
Classification number WB 555
Item number W692 2003
080 ## - UNIVERSAL DECIMAL CLASSIFICATION NUMBER
Universal Decimal Classification number 615.8515 bar
082 00 - DEWEY DECIMAL CLASSIFICATION NUMBER
Classification number 615.8515 bar
Edition number 21
100 ## - Rafti
Rafti 3
101 ## - Shkurtesa
Shkurtesa shm
245 00 - TITLE STATEMENT
Title Willard & Spackman's occupational therapy.
246 3# - VARYING FORM OF TITLE
Title proper/short title Willard and Spackman's occupational therapy
246 30 - VARYING FORM OF TITLE
Title proper/short title Occupational therapy
504 ## - BIBLIOGRAPHY, ETC. NOTE
Bibliography, etc Includes bibliographical references and index.
906 ## - LOCAL DATA ELEMENT F, LDF (RLIN)
a 7
b cbc
c orignew
d 1
e ocip
f 20
g y-gencatlg
942 ## - ADDED ENTRY ELEMENTS (KOHA)
Source of classification or shelving scheme
Item type Books
Holdings
Withdrawn status Lost status Source of classification or shelving scheme Damaged status Not for loan Collection code Permanent location Current location Shelving location Date acquired Total Checkouts Full call number Barcode Date last seen Price effective from Koha item type
          Koleksioni i përgjithshem UBT - Lipjan UBT - Lipjan Koleksioni i përgjithshem 02/15/2018   615.8515 bar 002-2998150 02/15/2018 02/15/2018 Books
UBT Library © 2015-2024. All rights reserved University Education for Business and Technology